00721nam a2200205Ia 4500003000900000008004100009040001600050080001700066100003400083245011400117260005400231300001400285650001800299650004100317650001900358650002600377942000700403999001300410952009200423IN-BaIIA211028s9999 xx 000 0 eng d cIIA Library a059(54)bSWA aSwamikannu Pillai, L. D.9833 3aAn Indian ephemerisbvol. I, pt. I, AD 700 to AD 1799, general principles and tablescL. D. Swamikannu Pillai aMadrasbThe Superintendent Government Pressc1922 axi, 201p. aAlmanacs9834 aAstronomy and Astrophysics Thesaurus aEphemeris9835 aIndian Ephemeris9836 cBK c379d379 00104070aBANbBANcGENd0000-00-00l0o059(54)/ SWAp373r2021-11-05w0000-00-00yBK